| 000 | | | 03821nmc2a22002413x 450 |
| 001 | | | 63a2ca60-e13e-428a-9b4f-fc422a2ab8d5 |
| 005 | | | 20240203010929.0 |
| 100 | ## | $a | 20230913l18251826k l0rusy0189 ca |
| 101 | 0# | $a | rus |
| 102 | ## | $a | RU |
| 105 | ## | $a | y### |
| 122 | 2# | $a | d |
| 200 | 1# | $a | Дела Печальной комиссии по императору Александру I (по разным предметам по церемониальной части) |
| | $j | 9 декабря 1825 г. - 3 апреля 1826 г. |
| 215 | ## | $a | 804 л. |
| | $d | 36,5х26 см |
| 251 | ## | $c | Дело |
| 300 | ## | $a | Дела Печальной комиссии по погребению императора Александра I и императрицы Елизаветы Алексеевны |
| 371 | ## | $a | Документ не является опубликованным и широко распространяемым |
| 461 | #0 | $1 | 001cf7c22cd-8342-45d1-9568-038f4f575ed9 |
| | $1 | 2001 |
| | $a | Законоположения и правительственные распоряжения, относящиеся к театральной части |
| | $1 | 251 |
| | $c | Дело |
| | $1 | 852 |
| | $j | 108 |
| 462 | #0 | $1 | 0016ef2983e-251a-47ac-8611-f77aafb170db |
| | $1 | 2001 |
| | $a | Печальные комиссии по погребению Александра I, Николая I и других членов императорской семьи |
| | $1 | 251 |
| | $c | Опись |
| | $1 | 852 |
| | $j | 8 |
| 801 | #0 | $a | RU |
| | $b | РГИА |
| | $c | 20230913 |
| | $g | RCR |
| 801 | #1 | $a | RU |
| | $b | ГлавНИВЦ |
| | $c | 20230913 |
| | $2 | rusmarc |
| 801 | #2 | $a | RU |
| | $b | ПБ им. Б.Н. Ельцина |
| | $c | 20240203 |
| | $g | RCR |
| | $2 | rusmarc |
| 850 | ## | $a | РГИА |
| 852 | ## | $a | РГИА |
| | $e | Федеральное казенное учреждение "Российский государственный исторический архив" (РГИА) |
| | $j | 21 |
| 937 | ## | $h | РГИА |
| | $d | 12402859 |
| | $a | ASBIBLIO_SCAN |
| 035 | ## | $a | RusGRCC00067008 |
| 856 | ## | $u | http://readingroom.main.prlib.ru/item.aspx?id_node=n190791215&mode=full |